000 00732pam a2200229 a 4500
001 3070871
005 20171215082716.0
008 970509s1998 nyuab b 001 0 eng
010 _a 97021337
020 _a0716728346 (sc)
040 _aDLC
_cDLC
_dDLC
041 _aeng
080 _a421.5 JOS
082 0 0 _a550 MER
_221
100 1 _a9
101 _aMJE
245 1 0 _aEnvironmental geology :
_cDorothy J. Merritts, Andrew De Wet, Kirsten Menking.
504 _aIncludes bibliographical references and index.
906 _a7
_bcbc
_corignew
_d1
_eocip
_f19
_gy-gencatlg
942 _2ddc
_cBK
999 _c39033
_d39033